000 00639nam a2200241Ia 4500
003 OSt
005 20220918192704.0
006 a|||||r|||| 00| 0
007 ta
008 220917b |||||||| |||| 00| 0 eng d
024 _a69,640
037 _cTextual
040 _aARTS
_cARTS
_beng
041 _2eng
_aeng
082 _aQv2, N6
100 _aBhattacharyya N N
_96699
245 0 _aIndian religious historiography
260 _aNew Delhi
_bMunshiram Manoharlal India
_c1996
300 _axi,403p.
_ccm.
650 _aRELIGION
942 _hQv2, N6
_cTEXL
_2CC
999 _c195774
_d195774